| 000 | 00633nam a2200229Ia 4500 | ||
|---|---|---|---|
| 003 | OSt | ||
| 005 | 20220928125305.0 | ||
| 006 | a|||||r|||| 00| 0 | ||
| 007 | ta | ||
| 008 | 220927b |||||||| |||| 00| 0 eng d | ||
| 024 | _a138568 | ||
| 037 | _cTextual | ||
| 040 |
_aSDCL _cSDCL _beng |
||
| 041 |
_2eng _aeng |
||
| 082 | _aQ:31, L5 | ||
| 100 |
_aYogananda Sri Paramahansa _9469096 |
||
| 245 | 0 | _aMan's eternal quest and other talks. | |
| 260 |
_aNew Delhi _bOxford &IBH Publishers _c1975 |
||
| 300 |
_axvii,484p. _ccm. |
||
| 942 |
_hQ:31, L5 _cTEXL _2CC |
||
| 999 |
_c781779 _d781779 |
||